Statistiques concernant Langue française: le jeu des anagrammes #4

Cliquez ici pour prendre le quiz!

Statistiques générales

  • Ce quiz a été pris 407 fois
  • Le résultat moyen est 16 sur 20

Statistiques - réponses

InstructionDéfinitionRéponse% Correct
I Q B U E RUn des composants des mursBrique
99%
Ajouter "T"Objet qui allume le feuBriquet
99%
Enlever "Q"Femelle du cochonTruie
91%
Enlever "P"Notre planèteTerre
87%
Ajouter "S"N'est pas joyeuxTriste
87%
Enlever "M"Auxilliaire qui n'est pas "Avoir"Être
86%
Ajouter "N"Ne pas dire la véritéMentir
86%
Ajouter "R"Homme d'ÉglisePrêtre
85%
Enlever "I"Unité de longueurMètre
84%
Ajouter "E"Massacre, série d'assassinatsTuerie
83%
Enlever "E"Coutume, traditionRite
82%
Ajouter "T"Élément central des mots composésTiret
80%
Enlever "U"Allonge, étend par tractionÉtire
79%
Ajouter "P"Un antonyme de "bénéfice"Perte
74%
Enlever "S"Ne pousse pasTire
73%
Enlever "N"Ce qui rend digne de récompenseMérite
67%
Ajouter "E"Finit ce qu'il faitTermine
67%
Ajouter "M"Chapeau des évêquesMitre
64%
Enlever "T"Rayure, zébrureStrie
61%
Enlever "B"Manifester son mécontentementTiquer
59%

Distribution des résultats

Percentile par nombre de réponses

% des personnes avec chaque résultat

Votre développement - résultats

Vous n’avez pas pris ce quiz